Ma Réalité - Hamza - Statistiques

Statistiques générales
  • Ce quiz a été pris 69 fois
  • Le résultat moyen est 198 sur 388
Statistiques - réponses
Réponse % Correct
de
98%
à
96%
À
96%
je
90%
Je
90%
Un
88%
un
88%
bénéfice
85%
te
85%
le
83%
ta
83%
tas
81%
elle
79%
soupçonné
79%
la
77%
que
77%
ma
75%
ces
73%
consommer
73%
en
73%
En
73%
j'suis
73%
me
73%
si
73%
Si
73%
va
73%
bénéfices
71%
Bénéfices
71%
bitch
71%
cette
71%
Belek
69%
j'ai
69%
J'ai
69%
oh
69%
no
65%
No
65%
Tout
65%
tout
65%
life
63%
c'est
60%
C'est
60%
night
60%
tu
60%
dans
58%
avec
56%
dont
56%
quand
56%
Et
54%
et
54%
réalité
54%
sale
54%
veux
54%
vie
54%
J'te
52%
les
52%
pour
52%
seul
52%
tise
52%
vaut
52%
chèque
50%
maille
46%
pris
46%
seulement
46%
nuits
44%
souviens
44%
toutes
44%
violence
44%
ciel
42%
mes
42%
42%
risque
42%
des
40%
grand
40%
mais
40%
regarder
40%
appris
38%
grandi
38%
joint
38%
mère
38%
my
38%
qui
38%
t'es
38%
tous
38%
vrai
38%
c'que
35%
haineux
35%
Ils
35%
ils
35%
j'attendais
35%
m'entendait
35%
On
35%
on
35%
plus
35%
romancer
35%
tête
35%
te-tê
35%
Ça
33%
chose
33%
d'ma
33%
quelqu'un
33%
suis
33%
d'beuh
31%
dire
31%
métaux
31%
sur
31%
ceux
29%
chambre
29%
encore
29%
homme
29%
Lettre
29%
moins
29%
prouver
29%
roules
29%
choses
27%
m'demandant
27%
sort
27%
toi-même
27%
baby
25%
jamais
25%
J'démarre
25%
j'démarre
25%
n'a
25%
trouver
25%
veulent
25%
big
23%
B.O.B.O.X
23%
C'n'est
23%
coming
23%
eux
23%
fils
23%
home
23%
peuvent
23%
promesses
23%
s'arrête
23%
savent
23%
billets
21%
daddy's
21%
J'prie
21%
m'arrête
21%
mauves
21%
prendre
21%
rose
21%
roulent
21%
sous
21%
200
19%
car
19%
depuis
19%
Fuck
19%
pense
19%
pieds
19%
qu'Dieu
19%
rien
19%
violets
19%
faudrait
17%
J'vois
17%
Mets
17%
noir
17%
putes
17%
résonner
17%
voix
17%
jour
15%
pouvoir
15%
putain
15%
stepper
15%
tendre
15%
tenue
15%
verra
15%
woah
15%
métal
13%
monter
13%
petite
13%
qu'j'entends
13%
s'trouve
13%
d'moment
10%
gang
10%
J'vais
10%
l'temps
10%
n'auront
10%
n'me
10%
vont
10%
fié
8%
lean
8%
Hey
6%
ouvre
6%
t'laisser
6%
tomber
6%
venir
4%
han-han
0%
suivre
0%
Aucun quiz correspondant
Distribution des résultats
% des personnes avec chaque résultat
Percentile par nombre de réponses
Votre historique - résultats
Vous n’avez pas pris ce quiz